| Tag |
First Indicator |
Second Indicator |
Subfields |
| LEADER |
00000cam a2200000 a 4500 |
| 001 |
in00000032044 |
| 005 |
20151007055024.0 |
| 008 |
870722s1987 stk b 00100 eng d |
| 010 |
|
|
|a gb 87028673
|
| 015 |
|
|
|a GB87-28673
|
| 020 |
|
|
|a 0567094529 :
|c £14.95 : CIP confirmed
|
| 035 |
|
|
|a (OCoLC)16084196
|
| 035 |
|
|
|9 AAB7008AM
|
| 040 |
|
|
|a UKM
|c UKM
|d TXA
|d UtOrBLW
|
| 049 |
|
|
|a TXAM
|c [A11073657]
|
| 050 |
|
4 |
|a BL80.2
|b .R43 1987
|
| 082 |
0 |
|
|a 291/.09/04
|2 19
|
| 245 |
0 |
0 |
|a Religion in today's world :
|b the religious situation of the world from 1945 to the present day /
|c edited by Frank Whaling.
|
| 264 |
|
1 |
|a Edinburgh :
|b T & T Clark,
|c 1987.
|
| 300 |
|
|
|a viii, 383 pages ;
|c 22 cm.
|
| 336 |
|
|
|a text
|b txt
|2 rdacontent
|
| 337 |
|
|
|a unmediated
|b n
|2 rdamedia
|
| 338 |
|
|
|a volume
|b nc
|2 rdacarrier
|
| 504 |
|
|
|a Includes bibliographies and index.
|
| 650 |
|
0 |
|a Religions
|x History
|y 20th century.
|
| 700 |
1 |
|
|a Whaling, Frank,
|d 1934-
|
| 999 |
|
|
|a MARS
|
| 999 |
f |
f |
|s d5642447-1108-3a8c-8e16-38a1cc6eee3e
|i 3b512c38-4c0e-33d8-bb19-c4f00fde98fe
|t 0
|
| 952 |
f |
f |
|p ric
|a Texas A&M University
|b Rellis Campus
|c Joint Library Facility
|d Remote Storage
|t 0
|e BL80.2 .R43 1987
|h Library of Congress classification
|i unmediated -- volume
|m A14811073657
|
| 998 |
f |
f |
|a BL80.2 .R43 1987
|t 0
|l Remote Storage
|